000 01249cam a22003377a 4500
003 CHAP
005 20220329142329.0
008 000726d2000 mx ab r 00110 spa d
010 _a81840
011 _a82812
035 _a93316
040 _cCHAP
090 _aTesis
100 0 0 _aLemus López, Nanci.
_965962
245 1 0 _aCaracterización y estimación de la rentabilidad del cultivo de cebolla (Allium cepa L.) en la región centro bajío del estado de Guanajuato
_c/por Nanci Lemus López
260 _aChapingo, Méx. :
_bEl autor,
_c2000.
300 _a118 h. :
_bilus. ; mapas ; gráfs. ; cuadros
502 _aTesis (Ing. Agr. Esp. en Fitotecnia) -- UACH. Departamento de Fitotecnia
590 _aALEPH
_b10
_c20130110
_lUCH01
_h1436
590 _aBATCH-UPD
_b10
_c20130110
_lUCH01
_h0512
590 _aBATCH-UPD
_b10
_c20130410
_lUCH01
_h0151
590 _aBATCH-UPD
_b10
_c20130914
_lUCH01
_h0906
590 _aCONVERSION
_b10
_c20130109
_lUCH01
_h1345
650 1 4 _aCebolla
_xCostos de producción.
_920758
650 1 4 _aCebolla
_xGuanajuato.
_920775
901 _aBK
905 _aGuadalupe Pinto C.
942 _cFOLL
949 _bBC
_cTES
_d33724000784112
_eTS2
_fc.2
_h36511
_i93316
_si
949 _bBC
_cTES
_d933161
_eTS1
_h36510
_i93316
_sb
999 _c81840
_d81840